[Event "Nordic Schools 2017"]
[Site "?"]
[Date "2017.09.24"]
[Round "4.3"]
[White "Van den Brink, Nienke"]
[Black "Luukkonen, Leevi"]
[Result "1/2-1/2"]
[WhiteElo "1775"]
[BlackElo "1458"]

1.b3 d6 2.Bb2 e5 3.e3 Nf6 4.f4 Nbd7 5.Nf3 e4 6.Nd4 c5 7.Nf5 g6 8.Ng3 Bg7 
9.c4 O-O 10.Nc3 Re8 11.Qc2 Qe7 12.Be2 b6 13.O-O Bb7 14.h4 h5 15.f5 Kh7 16.
fxg6+ fxg6 17.Rf4 Bh6 18.Rf2 Rab8 19.Raf1 Rf8 20.Bc1 Rbe8 21.Bb2 1/2-1/2

[Event "Nordic Schools 2017"]
[Site "?"]
[Date "2017.09.24"]
[Round "4.5"]
[White "Vestby-Ellingsen, Mads"]
[Black "Stefansson, Vignir Vatnar"]
[Result "1-0"]
[WhiteElo "2262"]
[BlackElo "2312"]

1.d4 f5 2.Nc3 Nf6 3.Bg5 d5 4.e3 e6 5.Bd3 c5 6.dxc5 Bxc5 7.Nf3 O-O 8.O-O 
Nc6 9.Na4 Be7 10.c4 h6 11.Bxf6 Bxf6 12.cxd5 Qxd5 13.Rc1 Kh8 14.Rc5 Qd8 15.
e4 Be7 16.Rc1 Bd7 17.Nc5 Bxc5 18.Rxc5 Qe7 19.Qc1 Rac8 20.Rc3 Nb4 21.Bb1 
fxe4 22.Ne5 Qe8 23.Rxc8 Bxc8 24.Qc5 Rf5 25.Ng6+ Qxg6 26.Qxc8+ Kh7 27.Bxe4 
b6 28.Bxf5 Qxf5 29.Qc4 Nd5 30.Re1 Kg8 31.Qe4 Qxe4 32.Rxe4 Kf7 33.f3 Kf6 
34.Kf2 g5 35.g3 a5 36.a4 e5 37.Ke2 Ke6 38.Kd3 Nf6 39.Rc4 Kd5 40.Rc8 h5 41.
Rf8 Ke6 42.Rb8 Nd7 43.Rh8 Nf6 44.Kc4 g4 45.fxg4 hxg4 46.Rb8 Nd7 47.Re8+ 
Kf7 48.Rd8 Ke7 49.Rh8 Nf6 50.Kb5 e4 51.Rc8 e3 52.Rc1 Nd5 53.Kc4 Ke6 54.Kd4
Kd6 55.Ke4 1-0

[Event "Nordic Schools 2017"]
[Site "?"]
[Date "2017.09.24"]
[Round "4.6"]
[White "Briem, Stephan"]
[Black "Lund, Gunnar"]
[Result "0-1"]
[WhiteElo "1905"]
[BlackElo "2244"]

1.d4 Nf6 2.c4 e6 3.Nf3 d5 4.g3 Be7 5.Bg2 O-O 6.O-O dxc4 7.Nbd2 b5 8.a4 c6 
9.axb5 cxb5 10.e4 Bb7 11.Re1 Nc6 12.e5 Nd5 13.Ne4 Ndb4 14.Ra3 h6 15.Nc5 
Bxc5 16.dxc5 Qxd1 17.Rxd1 Nd3 18.Be3 Rfd8 19.Rd2 Rab8 20.Kf1 a5 21.Ne1 
Ndb4 22.f4 Nd5 23.Bf2 a4 24.f5 Nxe5 25.fxe6 fxe6 26.Re2 Ng4 27.Rxe6 Nc7 
28.Re2 Nxh2+ 29.Kg1 Bxg2 30.Kxg2 Ng4 31.Bg1 Nd5 32.Nc2 Ra8 33.Re6 b4 34.
Ra1 a3 35.bxa3 b3 36.Ne3 Ndxe3+ 37.Bxe3 b2 38.Rb1 c3 39.Bc1 bxc1=Q 40.Rxc1
Rxa3 41.Kf3 h5 42.c6 Kf7 43.Re4 Rc8 44.Ke2 Rxc6 45.Rc2 Re6 0-1

[Event "Nordic Schools 2017"]
[Site "?"]
[Date "2017.09.24"]
[Round "4.7"]
[White "Aglen, Isak Bakli"]
[Black "Heidarsson, Arnar"]
[Result "1/2-1/2"]
[WhiteElo "1750"]
[BlackElo "1480"]

1.f4 d5 2.Nf3 Nf6 3.g3 e6 4.Bg2 Be7 5.O-O O-O 6.d3 c5 7.Nc3 d4 8.Ne4 Nxe4 
9.dxe4 b6 10.e3 dxe3 11.Bxe3 Bb7 12.e5 Nc6 13.Qe2 Qc7 14.Rfd1 Rfd8 15.c4 
Rxd1+ 16.Rxd1 Rd8 17.Rxd8+ Qxd8 18.Qd2 Qxd2 19.Nxd2 Na5 20.g4 Bxg2 21.Kxg2
g6 22.g5 Kf8 23.b3 Ke8 24.Ne4 Nb7 25.Nf6+ Bxf6 26.gxf6 Nd8 27.Bd2 Nc6 28.
Bc3 Kd7 29.a3 a5 30.Kf3 h5 31.h3 Kd8 32.Kg3 Ke8 33.Kf3 1/2-1/2

[Event "Nordic Schools 2017"]
[Site "?"]
[Date "2017.09.24"]
[Round "4.8"]
[White "Hakonarson, Sverrir"]
[Black "Vestjord, Harald Christian"]
[Result "1/2-1/2"]
[WhiteElo "1487"]
[BlackElo "1701"]

1.d4 d5 2.Bf4 Nf6 3.e3 c6 4.c3 Bf5 5.Nf3 e6 6.Bd3 Bxd3 7.Qxd3 Be7 8.Nbd2 
O-O 9.h3 Bd6 10.Bxd6 Qxd6 11.O-O Nbd7 12.e4 Nxe4 13.Nxe4 dxe4 14.Qxe4 Nf6 
15.Qe5 Rfd8 16.Rad1 Qxe5 17.Nxe5 Nd7 18.f4 Nxe5 19.dxe5 Kf8 20.Kf2 h5 21.
c4 Ke7 22.Ke2 Rxd1 23.Rxd1 h4 24.Kf3 f5 25.exf6+ gxf6 26.g4 hxg3 27.Kxg3 
Rg8+ 28.Kf3 Rh8 29.Rh1 f5 30.Rh2 c5 31.Kg3 Kf6 32.Rd2 Rh7 33.Rd8 b6 34.b3 
Rg7+ 1/2-1/2

[Event "Nordic Schools 2017"]
[Site "?"]
[Date "2017.09.24"]
[Round "4.9"]
[White "Joensson, Jacob"]
[Black "Davidsdottir, Nansy"]
[Result "1/2-1/2"]
[WhiteElo "2015"]
[BlackElo "1954"]

1.d4 Nf6 2.c4 e6 3.Nc3 d5 4.Nf3 c6 5.Bg5 Nbd7 6.e3 Qa5 7.cxd5 exd5 8.Nd2 
Be7 9.a3 O-O 10.Bd3 c5 11.Nb3 Qc7 12.dxc5 Nxc5 13.Bxf6 Nxd3+ 14.Qxd3 Bxf6 
15.Nxd5 Qe5 16.Nxf6+ Qxf6 17.Nd4 Qg5 18.Qe4 Qa5+ 19.b4 Qa6 20.b5 Qa5+ 21.
Ke2 Be6 22.Rhc1 Qb6 23.a4 Rae8 24.Qf4 Bd5 25.Kf1 Re4 26.Qf5 Qd6 27.Rc8 
Ree8 28.Rac1 Be6 29.Qc5 Qxh2 30.Rxe8 Rxe8 31.Nxe6 fxe6 32.f3 Qh1+ 33.Kf2 
Qh4+ 34.Kg1 Qxa4 35.Qh5 Rd8 36.f4 Qa3 37.Re1 Qc3 38.Kf2 Rd2+ 39.Re2 Rxe2+ 
40.Kxe2 Qc2+ 41.Kf1 Qc1+ 42.Kf2 Qd2+ 43.Kf1 Qc1+ 44.Kf2 Qd2+ 45.Kf1 Qc1+ 
46.Kf2 1/2-1/2

[Event "Nordic Schools 2017"]
[Site "?"]
[Date "2017.09.24"]
[Round "4.10"]
[White "Davidsson, Joshua"]
[Black "Sjo, Simon"]
[Result "1/2-1/2"]
[WhiteElo "1414"]
[BlackElo "1375"]

1.e4 e5 2.Nf3 Nc6 3.Bc4 Nf6 4.d3 Be7 5.O-O O-O 6.Nc3 d6 7.h3 a6 8.Nd5 Nxd5
9.Bxd5 Bd7 10.Be3 Rb8 11.c3 Bf6 12.b4 Ne7 13.Bb3 Be6 14.Bxe6 fxe6 15.Ng5 
Qd7 16.Qg4 Bxg5 17.Bxg5 Ng6 18.f4 exf4 19.Bxf4 Nxf4 20.Rxf4 Rxf4 21.Qxf4 
e5 22.Qd2 Rf8 23.Rf1 Rxf1+ 24.Kxf1 Qf7+ 25.Qf2 Qxf2+ 26.Kxf2 h5 27.Ke3 g5 
28.g4 h4 29.d4 Kf7 30.d5 b5 31.Kd3 Ke7 32.c4 Kd7 33.c5 Kc8 34.Kc3 Kd7 35.
c6+ Kc8 36.Kb3 Kb8 37.a4 Ka7 38.a5 Kb8 1/2-1/2

[Event "Nordic Schools 2017"]
[Site "?"]
[Date "2017.09.24"]
[Round "4.13"]
[White "Davidsson, Oskar Vikingur"]
[Black "Luu, Robert"]
[Result "1-0"]
[WhiteElo "1786"]
[BlackElo "1704"]

1.e4 e5 2.Nf3 Nc6 3.Bb5 a6 4.Ba4 Nf6 5.O-O Be7 6.Bxc6 dxc6 7.d3 Nd7 8.Nbd2
f6 9.Nh4 g6 10.Nc4 Nc5 11.Nf3 Be6 12.Ne3 Qd7 13.b3 O-O-O 14.Bb2 Kb8 15.Qe2
g5 16.a4 Bf7 17.Rfd1 Ne6 18.Nf5 Nf4 19.Qf1 Bh5 20.Rd2 Bxf3 21.gxf3 Rdg8 
22.Kh1 g4 23.fxg4 Rxg4 24.f3 Rg6 25.d4 Rhg8 26.Ng3 h5 27.Rad1 Qe6 28.dxe5 
fxe5 29.c4 h4 30.Nf5 Bf6 31.Bc1 h3 32.Rf2 Rg2 33.Bxf4 exf4 34.Re2 Bd8 35.
Red2 Bf6 36.Re2 Be7 37.Rdd2 R2g6 38.Nxe7 Qxe7 39.Qd1 Qh4 40.Re1 Rg2 41.a5 
c5 42.Ree2 R2g6 43.Re1 Rg2 44.Ree2 R2g6 45.Re1 Qe7 46.e5 R8g7 47.Rde2 Qe6 
48.Qd2 Qg8 49.Qd1 Qe6 50.Qd2 Qc6 51.Qxf4 Qe6 52.Qf8+ Ka7 53.Qxc5+ Kb8 54.
Qe3 Rg8 55.f4 Rg2 56.Qe4 R2g4 57.Rf1 Qe7 58.Qe3 Qe6 59.Qe4 Qe7 60.Qf3 Qg7 
61.Qe3 Qg6 62.e6 Qe8 63.Qe4 Qe7 64.Qe3 Qe8 65.Qf3 Qe7 66.f5 Qc5 67.Ref2 
Qe5 68.Qe2 Qg7 69.Qe1 Qe7 70.f6 Qc5 71.Qe2 Qc6+ 72.Qf3 Qxe6 73.f7 Rf8 74.
Re2 Qd7 75.Re8+ Rxe8 76.fxe8=Q+ Qxe8 77.Qxg4 Qc6+ 78.Qf3 Qg6 79.Qf8+ Ka7 
80.Qc5+ 1-0

[Event "Nordic Schools 2017"]
[Site "?"]
[Date "2017.09.24"]
[Round "4.14"]
[White "Karlsson, Isak Orri"]
[Black "Davidsson, Stefan Orri"]
[Result "0-1"]
[WhiteElo "1245"]
[BlackElo "1407"]

1.d4 Nf6 2.c4 e6 3.Nc3 Bb4 4.e3 b6 5.Ne2 Bb7 6.a3 Bxc3+ 7.Nxc3 d6 8.Bd2 c5
9.d5 exd5 10.cxd5 O-O 11.e4 Re8 12.Bg5 Nxe4 13.Nxe4 Rxe4+ 14.Be3 Nd7 15.
Be2 Re5 16.Bc4 Nf6 17.O-O Nxd5 18.Qf3 Qc7 19.Qg3 Nxe3 20.fxe3 Rf8 21.Rad1 
Qe7 22.Rfe1 Bxg2 23.h4 Bb7 24.Bf1 Re8 25.Bb5 Rxe3 26.Rxe3 Qxe3+ 27.Qxe3 
Rxe3 28.Rxd6 g6 29.Kf2 Re7 30.Bc4 Be4 31.Rd2 Bf5 32.Kf3 Kg7 33.Kf2 Kh6 34.
Rd1 f6 35.Rd6 Kg7 36.Rd8 Re4 37.Bd3 Rxh4 38.Bxf5 gxf5 39.Rd7+ Kg6 40.Rxa7 
Rh2+ 41.Kf3 Rxb2 42.Ke3 h5 0-1

[Event "Nordic Schools 2017"]
[Site "?"]
[Date "2017.09.24"]
[Round "4.15"]
[White "Gunnarsson, Baltasar Mani"]
[Black "Bjarnthorsson, Alexander Mar"]
[Result "0-1"]
[WhiteElo "1222"]
[BlackElo "1224"]

1.e4 c6 2.Nc3 Nf6 3.d4 d5 4.e5 Ng8 5.Nf3 Bg4 6.Be2 e6 7.h3 Bh5 8.Qd3 Be7 
9.Bf4 Na6 10.a3 f6 11.g4 Bg6 12.Qd2 Nc7 13.O-O-O a6 14.Rhg1 c5 15.Nh4 Bf7 
16.Ng2 cxd4 17.Qxd4 fxe5 18.Bxe5 Bg5+ 19.f4 Bf6 20.Bxf6 Nxf6 21.g5 Nh5 22.
Rd3 O-O 23.Nh4 b5 24.f5 exf5 25.Nxf5 Ne6 26.Qh4 Nhf4 27.Rf3 d4 28.Bd3 Bg6 
29.Rxf4 Nxf4 30.Qxf4 dxc3 31.bxc3 Qd7 32.Rd1 Bxf5 33.Bc4+ Be6 34.Rxd7 Rxf4
35.Bxe6+ Kh8 36.Kb2 Re4 37.Bg4 Re5 38.h4 Rae8 39.Ra7 Re4 40.Bd7 R8e7 41.
Rxa6 g6 42.Bxb5 Rb7 43.a4 Rxh4 44.Ka3 Rg4 45.Rf6 Rxg5 46.Bc4 h5 47.Rf8+ 
Kg7 48.Rg8+ Kh7 49.Rf8 h4 50.Bg8+ Kg7 51.Rd8 Rh5 52.Bd5 Ra7 53.Rg8+ Kh7 
54.Rd8 Ra5 55.c4 h3 56.Kb4 Raxd5 57.cxd5 h2 58.Rd7+ Kh6 59.a5 h1=Q 60.c4 
Qe4 61.a6 Qe8 62.Rb7 Qh8 63.Kc5 Qa1 64.a7 Qa5+ 65.Kc6 Rf5 66.Rd7 Rf6+ 67.
d6 Rf5 68.Kb7 Rf8 69.c5 Qb5+ 70.Kc7 Ra8 71.Rd8 Rxa7+ 0-1

[Event "Nordic Schools 2017"]
[Site "?"]
[Date "2017.09.24"]
[Round "4.16"]
[White "Bjarnthorsson, Gabriel Saer"]
[Black "Steinthorsson, Birgir Logi"]
[Result "1-0"]
[WhiteElo "1004"]
[BlackElo "1024"]

1.e4 e5 2.Bb5 a6 3.Ba4 Nf6 4.Nc3 Bc5 5.Nf3 Nc6 6.Bxc6 dxc6 7.Nxe5 Qd4 8.
Nd3 O-O 9.O-O Nxe4 10.Nxe4 Qxe4 11.Nxc5 Qg6 12.Qf3 Re8 13.d3 Bg4 14.Qg3 
Re2 15.Bf4 h5 16.h3 h4 17.Qxg4 Qxg4 18.hxg4 g6 19.Rac1 Kg7 20.Rfe1 Rxe1+ 
21.Rxe1 Rh8 22.Be5+ f6 23.Bxc7 h3 24.Nxb7 Rh7 25.Re7+ Kh6 26.Rxh7+ Kxh7 
27.gxh3 1-0

[Event "Nordic Schools 2017"]
[Site "?"]
[Date "2017.09.24"]
[Round "4.17"]
[White "Trier, Oliver"]
[Black "Ivarsson, Sebastian"]
[Result "0-1"]
[WhiteElo "1558"]
[BlackElo "1673"]

1.e4 e5 2.Bc4 Nf6 3.d4 exd4 4.Nf3 Nc6 5.Nxd4 Bc5 6.Nf5 O-O 7.O-O Ne5 8.Bd3
d6 9.Bg5 h6 10.Bh4 Ng6 11.Bg3 Re8 12.Qf3 Be6 13.Re1 Bxf5 14.Qxf5 Ne5 15.
Bxe5 Rxe5 16.Qf3 Qe7 17.Nc3 Re8 18.Re2 a6 19.Rae1 Bd4 20.Nd5 Nxd5 21.exd5 
Bxb2 22.Rxe5 dxe5 23.Qe4 Qf6 24.Re3 g6 25.Rf3 Qd6 26.c4 Re7 27.Rg3 Qf6 28.
h4 Qf4 29.h5 Bd4 30.Rf3 Qxe4 31.Bxe4 g5 32.Rb3 b6 33.a4 Kg7 34.Bf5 e4 35.
Kf1 e3 36.fxe3 Bxe3 37.g4 a5 38.Rd3 Bc5 39.Rb3 Bb4 40.Kf2 Bc5+ 41.Kf1 Kf6 
42.Rb1 Re3 43.Re1 Ra3 44.Bd7 Rc3 45.Bb5 Rg3 46.Bd7 Rg1+ 47.Ke2 Rg2+ 48.Kd3
Rg3+ 49.Kc2 Bb4 50.Re4 Rc3+ 51.Kd1 Rd3+ 52.Kc2 Rd2+ 53.Kb1 Bc5 54.Kc1 Rf2 
55.Kd1 Bb4 56.Bc8 Ra2 57.Bd7 Bc3 58.Bb5 Rf2 59.Bd7 Be5 60.Bb5 Rb2 61.Bd7 
Ke7 62.Bc6 Kd6 63.Kc1 Rb4 64.Kc2 f6 65.Bb5 Kc5 66.Kc1 Rb3 67.Kc2 Rg3 68.
Kd1 Kb4 69.Ke2 Rg2+ 70.Kd3 Bf4 71.c5+ Kxc5 72.Rc4+ Kxd5 73.Rxc7 Bxc7 74.
Kd4 Ke5 0-1

[Event "Nordic Schools 2017"]
[Site "?"]
[Date "2017.09.24"]
[Round "4.18"]
[White "Dingertz, Erik"]
[Black "Brodsgaard, Tobias"]
[Result "0-1"]
[WhiteElo "1606"]
[BlackElo "1541"]

1.e4 e5 2.Nf3 Nf6 3.Nxe5 Nc6 4.Nf3 Bc5 5.Bc4 O-O 6.d3 d5 7.exd5 Re8+ 8.Be3
Nxd5 9.Bxd5 Qxd5 10.O-O Bg4 11.Bxc5 Qxc5 12.Nc3 Nd4 13.Ne4 Qh5 14.Ned2 Re6
15.Nxd4 Bxd1 16.Nxe6 Be2 17.Nf4 Qg4 18.Rfe1 Qxf4 19.Rxe2 Rd8 20.Rae1 h6 
21.a3 Rd6 22.Re7 0-1

[Event "Nordic Schools 2017"]
[Site "?"]
[Date "2017.09.24"]
[Round "4.19"]
[White "Erikstrup, Malte Dreves"]
[Black "Nord, Gabriel"]
[Result "0-1"]
[WhiteElo "1098"]
[BlackElo "1600"]

1.e4 e5 2.Nf3 Nc6 3.Bc4 Bc5 4.Nc3 d6 5.d3 h6 6.Nd5 Be6 7.Bd2 a6 8.Bc3 b5 
9.Bb3 Nge7 10.Nxe7 Qxe7 11.Bxe6 fxe6 12.g3 Qf6 13.Qe2 O-O 14.O-O-O Qxf3 
15.Qxf3 Rxf3 16.Kd2 Rxf2+ 17.Ke1 Raf8 18.Rc1 b4 19.Bd2 Nd4 20.Be3 Re2+ 21.
Kd1 Rxe3 22.Kd2 Re2+ 23.Kd1 Rff2 24.Re1 Rd2# 0-1

[Event "Nordic Schools 2017"]
[Site "?"]
[Date "2017.09.24"]
[Round "4.20"]
[White "Tankrid Lingen, Dhani"]
[Black "Schou, Andreas"]
[Result "1-0"]
[WhiteElo "1243"]
[BlackElo "1000"]

1.e4 e6 2.d4 Nf6 3.Nc3 Nc6 4.Nf3 Bb4 5.e5 Ne4 6.Bd2 Nxd2 7.Qxd2 d5 8.a3 
Bxc3 9.Qxc3 Qe7 10.Be2 Bd7 11.O-O a6 12.Rad1 O-O-O 13.Qe3 Rde8 14.Qc3 h6 
15.Nd2 f5 16.f4 Rhf8 17.Nb3 g5 18.Nc5 Qg7 19.Qb3 b6 20.Bxa6+ Kd8 21.Nxd7 
Kxd7 22.Bb5 Rg8 23.g3 h5 24.Qc3 Ke7 25.Qxc6 h4 26.Qxc7+ Kf8 27.Qxg7+ Rxg7 
28.Bxe8 Kxe8 29.Rd3 hxg3 30.hxg3 gxf4 31.Rxf4 Rb7 32.Rh4 b5 33.Rh8+ 1-0

[Event "Nordic Schools 2017"]
[Site "?"]
[Date "2017.09.24"]
[Round "5.1"]
[White "Stefansson, Vignir Vatnar"]
[Black "Kistrup, Nicolai"]
[Result "1/2-1/2"]
[WhiteElo "2312"]
[BlackElo "2122"]

1.e4 e5 2.Nf3 Nc6 3.Bc4 Nf6 4.Ng5 d5 5.exd5 Na5 6.Bb5+ c6 7.dxc6 bxc6 8.
Qf3 Be7 9.Bd3 O-O 10.Bf5 Ba6 11.d3 g6 12.Bh3 Kg7 13.O-O Nd5 14.Ne4 Nb4 15.
Na3 f5 16.Ng3 c5 17.Bd2 Bb7 18.Qe2 Nac6 19.Rfd1 Nd5 20.c3 Bf6 21.Nc4 Re8 
22.Qf1 Qc7 23.Re1 Rad8 24.Rad1 Ba6 25.b3 Bc8 26.f3 h5 27.Ne2 Nde7 28.Be3 
Na5 29.g3 Nd5 30.Bf2 e4 31.fxe4 fxe4 32.Bxc8 Rxc8 33.dxe4 Nxc3 34.Nxc3 
Bxc3 35.Qh3 Bxe1 36.Rd7+ Kh8 37.Rxc7 Bxf2+ 38.Kxf2 Rxc7 39.Nxa5 Rxe4 40.
Kf3 Re1 41.Qh4 Rf7+ 42.Kg2 Re2+ 43.Kg1 Re1+ 44.Kg2 Re2+ 45.Kg1 Re1+ 46.Kg2
1/2-1/2

[Event "Nordic Schools 2017"]
[Site "?"]
[Date "2017.09.24"]
[Round "5.2"]
[White "Petersen, Albert Emil Lyng"]
[Black "Briem, Stephan"]
[Result "1/2-1/2"]
[WhiteElo "1668"]
[BlackElo "1905"]

1.e4 d5 2.exd5 Qxd5 3.Nc3 Qd6 4.d4 Nf6 5.h3 c6 6.Nf3 Bf5 7.Bd3 Bxd3 8.Qxd3
Nbd7 9.Bg5 e6 10.O-O-O Qc7 11.Rhe1 Be7 12.Ne2 O-O-O 13.Bf4 Bd6 14.Bxd6 
Qxd6 15.Ng5 Qe7 16.Ng3 h6 17.Nf3 Qb4 18.a3 Qa5 19.Ne5 Nxe5 20.Rxe5 Rd5 21.
f4 Nd7 22.Re3 Nf6 23.Re5 Nd7 24.Re3 Nf6 25.Re5 1/2-1/2

[Event "Nordic Schools 2017"]
[Site "?"]
[Date "2017.09.24"]
[Round "5.3"]
[White "Heidarsson, Arnar"]
[Black "Van den Brink, Nienke"]
[Result "0-1"]
[WhiteElo "1480"]
[BlackElo "1775"]

1.d4 f5 2.c4 Nf6 3.Nc3 d6 4.e3 g6 5.Be2 Bg7 6.Nf3 c6 7.Qb3 Qc7 8.c5 d5 9.
Ne5 Nbd7 10.f4 O-O 11.h4 Nxe5 12.fxe5 Ne4 13.Nxe4 fxe4 14.Bd2 Rb8 15.Qd1 
Qd7 16.h5 Qf5 17.Rf1 Qg5 18.Rxf8+ Bxf8 19.Kf1 Bh6 20.hxg6 Qxg6 21.Bh5 Qg3 
22.Qe2 Bh3 23.Kg1 Kh8 24.Kh1 Bf5 25.Rf1 e6 26.Qe1 Qg5 27.Bd1 Rg8 28.Qf2 
Rf8 29.Qg1 Rg8 30.Qf2 Bf8 31.Qe2 Be7 32.Qf2 Qh6+ 33.Kg1 Bh3 34.Qf7 Bxg2 
35.Qxg8+ Kxg8 36.Kxg2 Bg5 37.Rh1 Qg7 38.Kf2 Qf7+ 39.Kg3 h6 40.Bg4 Kf8 41.
Kg2 Ke7 42.Kg3 Qg7 43.Rh5 Qf8 44.Rh1 Qg8 45.Rh5 Qd8 46.b4 b6 47.Be2 bxc5 
48.bxc5 Qb8 49.Rh2 Qb2 50.Be1 Bxe3 51.Ba6 Bf4+ 0-1

[Event "Nordic Schools 2017"]
[Site "?"]
[Date "2017.09.24"]
[Round "5.4"]
[White "Hoyerup, Silas"]
[Black "Hakonarson, Sverrir"]
[Result "1/2-1/2"]
[WhiteElo "1536"]
[BlackElo "1487"]

1.d4 Nf6 2.e3 e6 3.Bd3 d5 4.f4 c5 5.c3 b6 6.Nf3 Bb7 7.b3 Qc7 8.Nbd2 Be7 9.
Bb2 cxd4 10.cxd4 O-O 11.Rc1 Qd8 12.O-O Nc6 13.a3 Rc8 14.Qe2 Qc7 15.Ne5 Qb8
16.b4 Nxe5 17.fxe5 Rxc1 18.Rxc1 Nd7 19.Rf1 f5 20.Qh5 Qe8 21.Qxe8 Rxe8 22.
Bb5 Rd8 23.Rc1 Bg5 24.Kf2 f4 25.Nf1 fxe3+ 26.Nxe3 Rf8+ 27.Ke2 Rf7 28.Bc6 
Nf8 29.b5 Bxc6 30.Rxc6 Ng6 31.g3 Re7 32.a4 Kf7 33.Ba3 Rd7 34.Bd6 Ne7 35.
Rc7 Rxc7 36.Bxc7 Bxe3 37.Kxe3 Ke8 38.g4 Kd7 39.Bd6 Nc8 40.Bf8 g6 41.h4 Ke8
42.Bb4 Kf7 43.a5 h5 44.gxh5 gxh5 45.a6 Kg6 46.Bf8 Kf7 47.Bd6 Kg6 48.Kf4 
Kh6 49.Kf3 Kg7 50.Kf4 Kg6 51.Bf8 Kf7 52.Bd6 1/2-1/2

[Event "Nordic Schools 2017"]
[Site "?"]
[Date "2017.09.24"]
[Round "5.5"]
[White "Davidsdottir, Nansy"]
[Black "Vestby-Ellingsen, Mads"]
[Result "0-1"]
[WhiteElo "1954"]
[BlackElo "2262"]

1.e4 e5 2.Nf3 Nc6 3.d4 exd4 4.Nxd4 Bc5 5.Be3 Qf6 6.c3 Nge7 7.Qa4 Bb6 8.Nd2
d5 9.Nc2 O-O 10.O-O-O Bd7 11.exd5 Nxd5 12.Ne4 Qe5 13.Bd2 Rad8 14.f3 Kh8 
15.Qa3 Nf6 16.Bg5 Nxe4 17.Bxd8 Nd6 18.Bxc7 Bxc7 19.Bd3 Kg8 20.Kb1 Qa5 21.
Qxa5 Nxa5 22.b4 Nc6 23.Rhe1 Be6 24.b5 Na5 25.Nd4 Bc4 26.Re7 Bb6 27.Bxc4 
Naxc4 28.a4 Rc8 29.Nc2 Kf8 30.Re2 Bc5 31.Ka2 Nb6 32.Kb3 a6 33.bxa6 bxa6 
34.Nb4 Ndc4 35.Nxa6 Na5+ 36.Kc2 Be7 37.Re5 Nac4 38.Re4 Bf6 39.Rd3 Nxa4 40.
Re2 Na3+ 41.Kb3 Nxc3 42.Ree3 Nab5 43.Nb4 Nd4+ 44.Ka3 Ncb5+ 45.Ka2 Rc4 46.
Nd5 Rc2+ 47.Kb1 Rxg2 48.Nb6 Rg1+ 49.Ka2 Rg2+ 50.Kb1 Ne6 51.Rb3 Rg1+ 52.Kc2
Nbd4+ 0-1

[Event "Nordic Schools 2017"]
[Site "?"]
[Date "2017.09.24"]
[Round "5.6"]
[White "Lund, Gunnar"]
[Black "Davidsson, Joshua"]
[Result "1-0"]
[WhiteElo "2244"]
[BlackElo "1414"]

1.e4 c5 2.Nf3 e6 3.c3 Nc6 4.d4 cxd4 5.cxd4 Bb4+ 6.Bd2 Bxd2+ 7.Qxd2 Nge7 8.
d5 Nb8 9.Nc3 O-O 10.Bc4 exd5 11.Nxd5 Nxd5 12.Bxd5 Nc6 13.O-O b6 14.Nd4 Bb7
15.Nf5 Qf6 16.b4 Ba6 17.Rfc1 Rad8 18.Rab1 Ne7 19.Nxe7+ Qxe7 20.b5 Bc8 21.
Rc7 Qa3 22.Rb3 Qa4 23.Rc4 Qa5 24.Qxa5 bxa5 25.Rc7 d6 26.Rxa7 Be6 27.Rxa5 
Bxd5 28.exd5 Ra8 29.Rxa8 Rxa8 30.a3 Kf8 31.b6 Ke7 32.b7 Rb8 33.a4 Kd7 34.
a5 Kc7 35.a6 Re8 36.Kf1 Rb8 37.a7 Rxb7 38.Rc3+ 1-0

[Event "Nordic Schools 2017"]
[Site "?"]
[Date "2017.09.24"]
[Round "5.7"]
[White "Gunnlaugsson, Arnor"]
[Black "Vestjord, Harald Christian"]
[Result "0-1"]
[WhiteElo "1191"]
[BlackElo "1701"]

1.e4 e5 2.Nf3 Nc6 3.d4 exd4 4.Nxd4 Nf6 5.Nc3 Bb4 6.Nxc6 bxc6 7.Bd3 h6 8.
O-O O-O 9.Bf4 Re8 10.Re1 d6 11.f3 Nh5 12.Bd2 Bc5+ 13.Be3 Bxe3+ 14.Rxe3 Qg5
15.Qd2 d5 16.Na4 d4 17.Re2 Nf4 18.g3 Nxe2+ 19.Qxe2 c5 20.c4 Bd7 21.b3 Bxa4
22.bxa4 Rab8 23.f4 Qe7 24.e5 Qe6 25.Qe4 g6 26.Rf1 f5 27.Qd5 c6 28.Qxc5 Qd7
29.Qd6 Qxd6 30.exd6 c5 31.g4 fxg4 32.Bxg6 Re6 33.f5 Rxd6 34.f6 Rf8 35.f7+ 
Kg7 36.Bh5 Rf6 37.Re1 Rf5 38.Bxg4 Rg5 39.h3 h5 40.Re4 hxg4 41.hxg4 Rxf7 
42.a5 d3 0-1

[Event "Nordic Schools 2017"]
[Site "?"]
[Date "2017.09.24"]
[Round "5.9"]
[White "Takala, Jaakko"]
[Black "Joensson, Jacob"]
[Result "1/2-1/2"]
[WhiteElo "1734"]
[BlackElo "2015"]

1.e4 e6 2.d4 d5 3.exd5 exd5 4.Bd3 Nc6 5.c3 Bd6 6.Nf3 Bg4 7.O-O Nge7 8.h3 
Bh5 9.Be3 Qd7 10.Nbd2 O-O-O 11.b3 f5 12.Bg5 h6 13.Bxe7 Nxe7 14.Qc2 Kb8 15.
Rfe1 g5 16.Ne5 Bxe5 17.Rxe5 f4 18.Rae1 Rde8 19.f3 Nc6 20.Bf5 Qd8 21.Rxe8 
Rxe8 22.Rxe8 Qxe8 23.Kf1 Ne7 24.Bd3 Bg6 25.Bxg6 Qxg6 26.Qxg6 Nxg6 27.Kf2 
c6 28.g4 Kc7 29.Ke2 Kd6 30.Kd3 Nh4 31.c4 Ng2 32.c5+ Kc7 33.Kc2 a5 34.a4 
Ne1+ 35.Kc3 Kc8 36.Kb2 Nd3+ 37.Kc2 Nf2 38.Kc1 Nxh3 39.Kd1 Nf2+ 40.Ke2 Nh1 
41.Nb1 Ng3+ 42.Kf2 h5 43.Na3 hxg4 44.fxg4 Ne4+ 45.Ke2 Nc3+ 46.Kd2 f3 47.
Ke3 b6 48.cxb6 Kb7 49.Kxf3 Kxb6 50.Nc2 c5 51.Ke3 c4 52.bxc4 dxc4 53.Na3 
Nxa4 54.Nxc4+ Kb5 55.Nxa5 Kxa5 56.Ke4 Kb5 57.d5 Kc5 58.Ke5 Nb6 59.Kf5 Kxd5
60.Kxg5 Ke6 61.Kg6 Nd5 62.g5 Ne7+ 63.Kg7 Kf5 64.g6 Nxg6 1/2-1/2

[Event "Nordic Schools 2017"]
[Site "?"]
[Date "2017.09.24"]
[Round "5.13"]
[White "Mansoor, Afras"]
[Black "Davidsson, Oskar Vikingur"]
[Result "1-0"]
[WhiteElo "1963"]
[BlackElo "1786"]

1.d4 Nf6 2.Bg5 e6 3.e4 h6 4.Bxf6 Qxf6 5.Nc3 d6 6.Qd2 g5 7.O-O-O Bg7 8.Bc4 
Nc6 9.Nge2 Bd7 10.f3 O-O-O 11.Qe3 Kb8 12.Kb1 Rhe8 13.Ng3 Qg6 14.Qf2 a6 15.
a3 f5 16.Rhe1 fxe4 17.fxe4 Rf8 18.Qe3 Rde8 19.Ba2 Bh8 20.Nge2 Qf6 21.e5 
dxe5 22.Ne4 Qg7 23.d5 exd5 24.Bxd5 Nd4 25.Nc5 Bc6 26.Bxc6 bxc6 27.Nxd4 
exd4 28.Qb3+ Kc8 29.Qb7+ 1-0

[Event "Nordic Schools 2017"]
[Site "?"]
[Date "2017.09.24"]
[Round "5.14"]
[White "Davidsson, Stefan Orri"]
[Black "Ronnestad, Liam Jansson"]
[Result "1/2-1/2"]
[WhiteElo "1407"]
[BlackElo "1568"]

1.e4 c5 2.Nf3 g6 3.c3 Bg7 4.Bc4 Nc6 5.d4 cxd4 6.cxd4 d6 7.d5 Ne5 8.Nxe5 
Bxe5 9.O-O Bg7 10.Qc2 Nf6 11.Be3 O-O 12.Nc3 Bd7 13.Qd2 Rc8 14.Bd3 e6 15.
dxe6 Bxe6 16.h3 Nd7 17.Bh6 Ne5 18.Bxg7 Kxg7 19.Qe3 Kg8 20.Rfd1 a6 21.Kh1 
Re8 22.f4 Nc6 1/2-1/2

[Event "Nordic Schools 2017"]
[Site "?"]
[Date "2017.09.24"]
[Round "5.15"]
[White "Hina, Ariza"]
[Black "Gunnarsson, Baltasar Mani"]
[Result "1-0"]
[WhiteElo "1515"]
[BlackElo "1222"]

1.e4 e5 2.Nc3 Nf6 3.Nf3 Nc6 4.Bc4 Bc5 5.d3 h6 6.Be3 Bxe3 7.fxe3 d6 8.O-O 
O-O 9.a3 Ng4 10.Qe1 Be6 11.Nd5 Ne7 12.h3 Bxd5 13.exd5 Nf6 14.e4 a6 15.Nh4 
Qd7 16.Nf5 Nxf5 17.Rxf5 Nh7 18.Qg3 Nf6 19.Rxf6 g6 20.Raf1 Kg7 21.Bb3 Rae8 
22.h4 h5 23.Qg5 Re7 24.Kh2 Rh8 25.Qe3 b6 26.d4 Qg4 27.g3 Rf8 28.Qd3 c5 29.
dxc6 Rc7 30.dxe5 dxe5 31.Qd6 Rcc8 32.Rxf7+ Rxf7 33.Rxf7+ Kh6 34.Qd2+ g5 
35.hxg5+ Kg6 36.Qd6+ 1-0

[Event "Nordic Schools 2017"]
[Site "?"]
[Date "2017.09.24"]
[Round "5.16"]
[White "Steinthorsson, Birgir Logi"]
[Black "Nilsen, Jonas Bringsvor"]
[Result "1-0"]
[WhiteElo "1024"]
[BlackElo "1377"]

1.e4 e5 2.Nf3 Nc6 3.d4 exd4 4.Nxd4 Bc5 5.Be3 Qf6 6.c3 Qg6 7.Nd2 Nf6 8.b4 
Bb6 9.Qf3 d6 10.Nxc6 bxc6 11.e5 Nd5 12.Bxb6 cxb6 13.Bb5 dxe5 14.Qxd5 O-O 
15.Qxc6 Be6 16.O-O Rad8 17.Nf3 Qg4 18.Nxe5 Qf5 19.Rfe1 Qg5 20.Bc4 Bh3 21.
Nxf7 Rxf7 22.Bxf7+ Kxf7 23.Qf3+ Bf5 24.Re5 Kg8 25.Qxf5 Qd2 26.Qf3 Qd6 27.
Rae1 Qd7 28.Re7 1-0

[Event "Nordic Schools 2017"]
[Site "?"]
[Date "2017.09.24"]
[Round "5.17"]
[White "Ivarsson, Sebastian"]
[Black "Lehtinen, Justus"]
[Result "1/2-1/2"]
[WhiteElo "1673"]
[BlackElo "1424"]

1.d4 Nf6 2.c4 e6 3.Nc3 Bb4 4.e3 b6 5.Bd3 d5 6.Qa4+ Nc6 7.Ne2 Bxc3+ 8.Nxc3 
Bd7 9.Qc2 Nb4 10.Qe2 Nxd3+ 11.Qxd3 O-O 12.cxd5 Nxd5 13.e4 Nxc3 14.bxc3 Bc6
15.O-O Bb7 16.Rd1 Rc8 17.Ba3 Re8 18.f3 Qd7 19.Qc2 Qb5 20.Rab1 Qc6 21.Bc1 
e5 22.Qb3 exd4 23.cxd4 Rcd8 24.Be3 Qe6 25.d5 Qe5 26.Bd4 Qe7 27.Qc3 f6 28.
Rbc1 Rc8 29.Qc4 Kh8 30.Qa4 a5 31.Rc2 Qd6 32.Rdc1 Re7 33.Bb2 Qd7 34.Qxd7 
Rxd7 35.Bd4 f5 36.Bxb6 h6 37.Rxc7 Rdxc7 38.Rxc7 Rxc7 39.Bxc7 fxe4 40.d6 
Bc6 41.fxe4 Kg8 42.Kf2 Kf7 43.Ke3 a4 44.e5 Ke6 45.g3 Bd7 46.Kd4 g5 47.g4 
Kf7 48.h3 Ke6 49.Bd8 Bc6 50.Bf6 Bg2 51.Kc5 Kd7 52.Bg7 Bxh3 53.Bxh6 Bxg4 
54.Bxg5 Bf3 55.Kb5 Bc6+ 56.Ka5 Ke6 57.Bf6 Bd7 58.Kb6 Be8 59.Kc7 Bb5 60.Be7
Be8 61.a3 Bb5 62.Kd8 Kxe5 1/2-1/2

[Event "Nordic Schools 2017"]
[Site "?"]
[Date "2017.09.24"]
[Round "5.18"]
[White "Irjala, Arttu"]
[Black "Dingertz, Erik"]
[Result "0-1"]
[WhiteElo "1296"]
[BlackElo "1606"]

1.d4 d5 2.c4 e6 3.c5 Nc6 4.Nf3 Nf6 5.Bf4 Be7 6.e3 a6 7.Bd3 O-O 8.O-O Nh5 
9.Nbd2 Nxf4 10.exf4 h6 11.Ne5 Nxd4 12.Qh5 0-1